FIFA 22 Top Ten Argentina players - Statistics

General Stats
  • This quiz has been taken 177 times
  • The average score is 7 of 10
Answer Stats
Hint Answer % Correct
OVR 93 RW Lionel Messi
100%
OVR 87 RW Angel Di Maria
95%
OVR 85 ST Lautaro Martínez
92%
OVR 84 GK Emiliano Martínez
91%
OVR 87 CAM Paulo Dybala
80%
OVR 87 ST Sergio Aguero
78%
OVR 84 LB Marcos Acuña
68%
OVR 85 CAM Alejandro Gómez
46%
OVR 83 LW Lucas Ocampos
27%
OVR 83 CAM Ángel Correa
17%
No matching quizzes found
Score Distribution
Percent of People with Each Score
Percentile by Number Answered
Your Score History
You have not taken this quiz